இலங்கையில் குடும்ப சட்ட முறைமைகளை மீற்வடிவமைத்தல் (Record no. 4974)

MARC details
000 -LEADER
fixed length control field 01083nam a22002057a 4500
003 - CONTROL NUMBER IDENTIFIER
control field LK-CoMWRAF
005 - DATE AND TIME OF LATEST TRANSACTION
control field 20260224155244.0
008 - FIXED-LENGTH DATA ELEMENTS--GENERAL INFORMATION
fixed length control field 260224b |||||||| |||| 00| 0 eng d
020 ## - INTERNATIONAL STANDARD BOOK NUMBER
International Standard Book Number 9789556250589
040 ## - CATALOGING SOURCE
Original cataloging agency LK-CoMWRAF
Modifying agency LK-CoMWRAF
Description conventions LK-CoMWRAF
082 ## - DEWEY DECIMAL CLASSIFICATION NUMBER
Classification number 340.59
Item number TEG
942 ## - ADDED ENTRY ELEMENTS (KOHA)
Koha item type Books
100 ## - MAIN ENTRY--PERSONAL NAME
Personal name டெகல், எர்மிசா
110 ## - MAIN ENTRY--CORPORATE NAME
Corporate name or jurisdiction name as entry element பியதாசா, தியாகி
245 ## - TITLE STATEMENT
Title இலங்கையில் குடும்ப சட்ட முறைமைகளை மீற்வடிவமைத்தல்
Remainder of title பொதுச் சட்டத்தின் கீழும் முஸ்லிம் திருமண, விவாகரத்துச் சட்டத்தின் கீழும் விவாகரத்து தொடர்பான நடபடிமுறைகளை ஆராயும் ஆய்வு
260 ## - PUBLICATION, DISTRIBUTION, ETC. (IMPRINT)
Place of publication, distribution, etc. Colombo :
Name of publisher, distributor, etc. Muslim women's research and action forum,
Date of publication, distribution, etc. 2023
300 ## - PHYSICAL DESCRIPTION
Extent 52p. : 24cm.
650 ## - SUBJECT ADDED ENTRY--TOPICAL TERM
Topical term or geographic name as entry element Family Law--Sri Lanka
650 ## - SUBJECT ADDED ENTRY--TOPICAL TERM
Topical term or geographic name as entry element Family Law--Marriages--Divorce--Act
Holdings
Withdrawn status Lost status Damaged status Not for loan Collection code Permanent Location Current Location Date acquired Full call number Barcode Koha item type
        MWRAF Publications Resource center, Muslim Women's Research And Action Forum Resource center, Muslim Women's Research And Action Forum 2026-02-24 340.59 TEG RAF5367 Books
        MWRAF Publications Resource center, Muslim Women's Research And Action Forum Resource center, Muslim Women's Research And Action Forum 2026-02-24 340.59 TEG RAF5368 Books
        MWRAF Publications Resource center, Muslim Women's Research And Action Forum Resource center, Muslim Women's Research And Action Forum 2026-02-24 340.59 TEG RAF5369 Books

Copyright © 2023 Muslim Women's Research and Action Forum (MWRAF), No 27/3, Anderson Road, Kalubowila, Dehiwela. Funded by The Asia Fundation